000 01090cam a2200301 a 4500
003 OSt
005 20200930142448.0
008 991126s1999 ck r 000 0 spa d
020 _a9589442536
040 _aCO-BoPUJ
_cCO-JMCR
041 0 _aspa
082 0 4 _a340.11 /
_bV868d
_223
100 1 _aVélez García, Jorge,
_eautor
_93046
245 1 0 _aDerecho y valores :
_bintroducción a la ética de la praxis jurídica /
_cJorge Vélez García
250 _aPrimera edición
260 _aBogotá :
_bUniversidad Sergio Arboleda,
_c1999.
300 _axxi, 436 páginas ;
_c23 cm.
490 _aSerie major ;
_v19
504 _aIncluye referencias bibliográficas :Páginas 427-436.
505 0 _aDe la teoría deontológica. -- De la ética de praxis jurídica
590 _aEjemplar uno con dedicatoria y autografiado por el autor.
650 2 4 _aFilosofía del derecho
_97925
650 2 4 _aValores (Filosofía)
_97926
650 2 4 _aÉtica legal
_911032
650 2 4 _aAbogados
_xÉtica profesional
_911033
710 2 _aUniversidad Sergio Arboleda
_9951
942 _2ddc
_cBK
999 _c6893
_d6893